000 00497nam a2200205 a 4500
001 11606
003 CO-ViMGA
008 141112s2004 ck r 000 u spa d
020 _a8424918355
040 _aCO-ViMGA
_bspa
_cCO-ViMGA
082 0 4 _a808.8385 J18
245 1 0 _aJaufre
250 _aa
260 _aMadrid,
_ceditorial Gredos,
_c1996
300 _a312 p.
490 _aClásicos medievales
650 1 4 _aNOVELA ESPANOLA
_9488
650 1 4 _aNOVELA MEDIEVAL
_916168
942 _2ddc
_cBK
999 _c22795
_d22795